| 000 | 00634nam a2200205 a 4500 | ||
|---|---|---|---|
| 001 | 000048819 | ||
| 003 | DO-SdBNP | ||
| 005 | 20210915124146.0 | ||
| 008 | 190415s2012 dr b r 000 0 spa d | ||
| 040 |
_aDO-SdBNP _bspa _cBNPHU |
||
| 082 |
_axxxx _bF363f |
||
| 100 | 1 |
_aFernández, Leonel _976275 |
|
| 245 | 1 | 0 |
_aFestival de Cine Global Dominicano : _btemas globales, historias personales / _cLeonel Fernández, Marco Herrera. |
| 250 | _a6a ed. | ||
| 260 |
_aSanto Domingo : _bFUNGLODE, _c2012. |
||
| 300 |
_a259 p. : _bretrs. ; _c27 cm. |
||
| 590 | _aInventariado, 2019/BT | ||
| 700 | 1 |
_aHerrera, Marco _976276 |
|
| 942 |
_2ddc _cLBS1 |
||
| 999 |
_c48307 _d48307 |
||